| 000 | 01373cam a2200289 a 4500 | ||
|---|---|---|---|
| 001 | 17540449 | ||
| 005 | 20170105102910.0 | ||
| 008 | 121126s2013 fluab b 001 0 eng | ||
| 010 | _a 2012044329 | ||
| 020 | _a9781439886861 (pbk. : alk. paper) | ||
| 040 |
_aDLC _cDLC _dDLC |
||
| 042 | _apcc | ||
| 050 | 0 | 0 |
_aHV6431 _b.M4336 2013 |
| 082 | 0 | 0 |
_a363.325 _223 |
| 100 | 1 | _aMedina, Richard M. | |
| 245 | 1 | 4 |
_aThe geography of international terrorism : _ban introduction to spaces and places of violent non-state groups / _cRichard M. Medina and George F. Hepner. |
| 260 |
_aBoca Raton : _bTaylor & Francis, _cc2013. |
||
| 300 |
_axiii, 244 p. : _bill., maps ; _c24 cm. |
||
| 504 | _aIncludes bibliographical references and index. | ||
| 505 | 0 | _aTerrorism, geography, and the intersection between them -- Terrorist networks in geographic-social hybrid space -- The geography of terrorism : aspirational geography and safe havens -- Technologies, information, and opportunities for countering the effects of terrorism -- Terrorism, risk, and vulnerability -- Influences on the future geography of terrorism. | |
| 650 | 0 | _aTerrorism. | |
| 650 | 0 | _aViolence. | |
| 700 | 1 | _aHepner, George F. | |
| 906 |
_a7 _bcbc _corignew _d1 _eecip _f20 _gy-gencatlg |
||
| 942 |
_2ddc _cBK |
||
| 999 |
_c15094 _d15094 |
||